DOĞANIN BİR YILI MART (Record no. 670448)

MARC details
000 -LEADER
sabit uzunluktaki kontrol alanı 00254nam a2200097Ia 4500
001 - KONTROL NUMARASI
kontrol alanı 670448
005 - EN SON İŞLEMİN TARİH VE ZAMANI
kontrol alanı 20250826160807.0
008 - SABİT-UZUNLUKTA VERİ ÖĞELERİ--GENEL BİLGİ
sabit uzunluktaki kontrol alanı 250824s9999 xx 000 0 und d
245 #0 - ESER / YAZAR
ESER ADI DOĞANIN BİR YILI MART
Yazar Adı RUTH SYMONS
260 ## - YAYIN, DAĞITIM, VB.
YAYIN EVİ TÜBİTAK POPÜLER BİLİM
Holdings
Düşüm durumu Kayıp durumu Hasar Durumu Ödünç verilmez Ana kütüphane Geçerli Kütüphane Edinilen tarih Toplam ödünç verme sayısı Barkod Son görüntüleme tarihi Fiyatın geçerli olmaya başladığı tarih Koha materyal türü
        ŞÜKRİYE ONSUN İLKOKULU ŞÜKRİYE ONSUN İLKOKULU 24.08.2025   10152422 26.08.2025 26.08.2025 Books